Fast Typing Fruits!! - Statistics

General Stats
  • This quiz has been taken 121 times
  • The average score is 8 of 10
Answer Stats
Hint Answer % Correct
Apple Apple
100%
Orange Orange
99%
Banana Banana
97%
Lemon Lemon
97%
Watermelon Watermelon
93%
Honeydew Honeydew
81%
Cantaloupe Cantaloupe
67%
Grapes Grapes
58%
Pomegranate Pomegranate
55%
Berries Berries
49%
No matching quizzes found
Score Distribution
Percent of People with Each Score
Percentile by Number Answered
Your Score History
You have not taken this quiz